[Event "24th 4NCL Congress"]
[Site "Harrogate"]
[Date "2020.01.18"]
[Round "3.6"]
[White "Jones, Steven A"]
[Black "Dias, Savin"]
[Result "0-1"]
[WhiteElo "2227"]
[BlackElo "1959"]
[PlyCount "80"]
[EventDate "2020.01.17"]

1. d4 Nf6 2. Nf3 e6 3. g3 b6 4. Bg2 Bb7 5. O-O Be7 6. c4 O-O 7. d5 exd5 8. Nh4
c6 9. cxd5 Nxd5 10. Nf5 Nf6 11. e4 d5 12. e5 Ne8 13. Nd2 Bc8 14. Qc2 Bxf5 15.
Qxf5 Qd7 16. Qd3 f6 17. Nf3 Kh8 18. Re1 fxe5 19. Nxe5 Qb7 20. Bf4 Nf6 21. Rac1
Bc5 22. Qd2 Nbd7 23. Nd3 Rfe8 24. b4 Bf8 25. Qb2 Rxe1+ 26. Nxe1 Re8 27. Nd3 Ne4
28. a4 Nd6 29. b5 c5 30. Rd1 Nf6 31. Ne5 Nf7 32. Nc6 Qd7 33. Qa2 Qg4 34. Qd2
Re2 35. Qc1 d4 36. Nxa7 g5 37. Bc7 Qf5 38. f4 Ng4 39. Qc4 Rxg2+ 40. Kxg2 Ne3+
0-1

[Event "24th 4NCL Congress"]
[Site "Harrogate"]
[Date "2020.01.18"]
[Round "3.7"]
[White "Ther, Mate"]
[Black "Surtees, Mike J"]
[Result "0-1"]
[WhiteElo "1983"]
[BlackElo "2098"]
[PlyCount "126"]
[EventDate "2020.01.17"]

1. e4 c5 2. Nf3 d6 3. d4 cxd4 4. Nxd4 Nf6 5. f3 Nc6 6. c4 Qb6 7. Nc2 g6 8. Nc3
Bg7 9. Nb5 a6 10. Be3 Qa5+ 11. Nc3 Be6 12. Qd2 Nd7 13. Nd4 Rc8 14. Rc1 O-O 15.
Be2 Nxd4 16. Bxd4 Bxc4 17. Bxg7 Kxg7 18. Qd4+ Qe5 19. Qxe5+ Nxe5 20. Bxc4 Rxc4
21. Kd2 Rfc8 22. Ne2 e6 23. b3 Rxc1 24. Rxc1 Rxc1 25. Nxc1 f5 26. a4 fxe4 27.
fxe4 Kf6 28. Ne2 g5 29. h3 h5 30. Ke3 Nc6 31. g3 e5 32. Nc3 Nb4 33. g4 hxg4 34.
hxg4 Ke6 35. Ne2 a5 36. Ng1 d5 37. Nf3 d4+ 38. Kd2 Kf6 39. Ke2 Na6 40. Nd2 Nc5
41. Kf3 Ke6 42. Ke2 b6 43. Kf3 Ke7 44. Ke2 Kd8 45. Nc4 Nxe4 46. Nxe5 Kc7 47.
Kd3 Nc5+ 48. Kxd4 Nxb3+ 49. Kc4 Nc5 50. Kb5 Ne4 51. Kc4 Kd6 52. Nf7+ Kd7 53.
Kb5 Kc7 54. Kc4 Nd6+ 55. Nxd6 Kxd6 56. Kd4 Kc6 57. Ke4 b5 58. axb5+ Kxb5 59.
Kf5 a4 60. Kxg5 a3 61. Kh6 a2 62. g5 a1=Q 63. g6 Qh8+ 0-1

[Event "24th 4NCL Congress"]
[Site "Harrogate"]
[Date "2020.01.18"]
[Round "3.8"]
[White "Sheppard, Derek A"]
[Black "Stokes, Mike R"]
[Result "0-1"]
[WhiteElo "1689"]
[BlackElo "2088"]
[PlyCount "66"]
[EventDate "2020.01.17"]

1. Nf3 Nf6 2. c4 c5 3. g3 Nc6 4. d4 cxd4 5. Nxd4 g6 6. Bg2 Bg7 7. e3 O-O 8. Nc3
Ne5 9. b3 d6 10. Bb2 Bg4 11. f3 Bd7 12. O-O Bh6 13. Qe2 Rc8 14. f4 Bg4 15. Qd2
Nc6 16. h3 Bd7 17. Kh2 Bg7 18. Rac1 Qa5 19. Rfd1 Nxd4 20. exd4 Qh5 21. Re1 e5
22. dxe5 dxe5 23. Nd5 Nxd5 24. Qxd5 Bc6 25. Qd2 Rcd8 26. Qc3 f6 27. Bxc6 bxc6
28. Qe3 Bh6 29. Rc2 Qf5 30. Rf2 Rd3 31. Qxa7 Bxf4 32. Rg2 Rxg3 33. Rxg3 Qc2+
0-1

[Event "24th 4NCL Congress"]
[Site "Harrogate"]
[Date "2020.01.18"]
[Round "3.9"]
[White "Shaw, Peter"]
[Black "Holliday, John K"]
[Result "1-0"]
[WhiteElo "2052"]
[BlackElo "1805"]
[PlyCount "67"]
[EventDate "2020.01.17"]

1. d4 Nf6 2. c4 g6 3. Nc3 Bg7 4. e4 d6 5. Nf3 O-O 6. Be2 c5 7. d5 e6 8. h3 a6
9. O-O Re8 10. a4 exd5 11. exd5 Bf5 12. Bd3 Qd7 13. Bf4 Ne4 14. Bxe4 Bxe4 15.
Re1 Bxf3 16. Qxf3 Be5 17. Bxe5 Rxe5 18. Rxe5 dxe5 19. Ne4 Qe7 20. d6 Qe6 21.
Nf6+ Kg7 22. Qxb7 Qxf6 23. Qxa8 Qxd6 24. Qd5 Qe7 25. Rd1 e4 26. Qd6 Qe8 27.
Qxc5 Qxa4 28. Qe5+ Kh6 29. Rc1 Nd7 30. Qxe4 Nf6 31. Qe5 Qc6 32. Re1 Kg7 33. c5
Kg8 34. Rd1 1-0

[Event "24th 4NCL Congress"]
[Site "Harrogate"]
[Date "2020.01.18"]
[Round "3.10"]
[White "Gardiner, Eric D"]
[Black "Cast, Julian"]
[Result "1-0"]
[WhiteElo "2006"]
[BlackElo "1885"]
[PlyCount "73"]
[EventDate "2020.01.17"]

1. d4 e6 2. e4 d5 3. e5 c5 4. c3 Qb6 5. Nf3 Bd7 6. a3 cxd4 7. cxd4 Bb5 8. Bxb5+
Qxb5 9. Nc3 Qa6 10. Be3 Nd7 11. Qe2 Qxe2+ 12. Kxe2 a6 13. Rhc1 Ne7 14. b4 Nc6
15. Na4 f6 16. exf6 gxf6 17. Nc5 Nxc5 18. bxc5 Rg8 19. Kf1 O-O-O 20. Bf4 Re8
21. Re1 Bg7 22. Bd6 e5 23. Rad1 e4 24. Nh4 Bf8 25. Bxf8 Rexf8 26. Nf5 Kc7 27.
Ne3 Rd8 28. g3 Rd7 29. Kg2 Ne7 30. f3 f5 31. fxe4 fxe4 32. Rf1 Ng6 33. Kh3 Ne7
34. Rf7 h6 35. Rxe7 Rxe7 36. Nxd5+ Kd7 37. Nxe7 1-0

[Event "24th 4NCL Congress"]
[Site "Harrogate"]
[Date "2020.01.18"]
[Round "3.11"]
[White "Vickery, Jim E"]
[Black "Burnett, Jim"]
[Result "1/2-1/2"]
[WhiteElo "1952"]
[BlackElo "2030"]
[PlyCount "82"]
[EventDate "2020.01.17"]

1. d4 d5 2. Nf3 e6 3. c4 Be7 4. e3 Nf6 5. Bd3 O-O 6. O-O Nbd7 7. Nc3 b6 8. e4
dxe4 9. Nxe4 Bb7 10. Qe2 c5 11. dxc5 Nxe4 12. Bxe4 Bxe4 13. Qxe4 Nxc5 14. Qe2
Qd3 15. Qxd3 Nxd3 16. Ne1 Nxc1 17. Rxc1 Rfd8 18. Nf3 f6 19. Rfd1 Kf7 20. Kf1
Rac8 21. Rxd8 Rxd8 22. Ke2 e5 23. Rd1 Rxd1 24. Kxd1 Ke6 25. Ke2 Bc5 26. Ne1 e4
27. Nc2 Ke5 28. b4 Bd6 29. Ke3 f5 30. f4+ exf3 31. gxf3 g5 32. h3 h5 33. Nd4 g4
34. Nc6+ Kf6 35. fxg4 fxg4 36. hxg4 hxg4 37. Nxa7 Bxb4 38. Kf4 Bd2+ 39. Kxg4
Ke5 40. Nc8 Ba5 41. Nxb6 Bxb6 1/2-1/2

[Event "24th 4NCL Congress"]
[Site "Harrogate"]
[Date "2020.01.18"]
[Round "3.12"]
[White "Quader, Z Zia Mohammed"]
[Black "Hymer, Barry J"]
[Result "0-1"]
[WhiteElo "2145"]
[BlackElo "1874"]
[PlyCount "80"]
[EventDate "2020.01.17"]

1. e4 g6 2. d4 Bg7 3. Nf3 d6 4. Be2 e6 5. Bg5 Ne7 6. Qd2 h6 7. Be3 Nd7 8. Na3
a6 9. O-O-O b5 10. c3 Bb7 11. Qc2 d5 12. e5 O-O 13. Qd2 Nf5 14. Nc2 c5 15. Bf4
Kh7 16. g4 Ne7 17. h4 f6 18. g5 fxg5 19. Bxg5 Rxf3 20. Bxf3 hxg5 21. hxg5+ Kg8
22. Ne3 cxd4 23. cxd4 Rc8+ 24. Kb1 Nf5 25. Ng4 Rc4 26. Qf4 Qb6 27. Nf6+ Bxf6
28. gxf6 Rxd4 29. Rxd4 Qxd4 30. Qg5 Nxe5 31. f7+ Kxf7 32. Qd8 Nxf3 33. Qd7+ Kf6
34. Qd8+ Ke5 35. Qc7+ Ke4 36. Qxb7 Nd2+ 37. Ka1 Nc4 38. Rb1 Na3 39. Rc1 Qd2 40.
Qc6 Nd4 0-1

[Event "24th 4NCL Congress"]
[Site "Harrogate"]
[Date "2020.01.18"]
[Round "3.14"]
[White "Ackley, Peter Je"]
[Black "Szasz, Anna K"]
[Result "1-0"]
[WhiteElo "2021"]
[BlackElo "1763"]
[PlyCount "137"]
[EventDate "2020.01.17"]

1. g3 e6 2. Bg2 d5 3. Nf3 Nf6 4. O-O c5 5. d3 Nc6 6. Nbd2 Bd6 7. e4 d4 8. a4
O-O 9. Nc4 Ng4 10. Nfd2 e5 11. h3 Nf6 12. f4 exf4 13. gxf4 Bc7 14. e5 Nd5 15.
Ne4 Qh4 16. Qf3 Ndb4 17. Rf2 Qe7 18. c3 Na6 19. Bd2 Bf5 20. Re1 Rad8 21. Qg3
Kh8 22. Ned6 Bxd6 23. Nxd6 g6 24. Bxc6 bxc6 25. cxd4 cxd4 26. b4 Nc7 27. Rc1
Qd7 28. b5 cxb5 29. Ba5 Nd5 30. Bxd8 Rxd8 31. axb5 Nc3 32. Qg5 Rf8 33. Qf6+ Kg8
34. Nxf5 Qxf5 35. Qxf5 gxf5 36. Rb2 Rb8 37. Ra1 Rb7 38. Kg2 Kf8 39. Ra6 Nd5 40.
Kg3 Kg7 41. Rd6 Nc3 42. Rxd4 Nxb5 43. Rdb4 a6 44. Kf2 Kf8 45. Ke3 Ke7 46. Rg2
Rb6 47. Rg5 Rh6 48. Rxf5 Rxh3+ 49. Kd2 Rh2+ 50. Ke1 h5 51. Rf6 Ra2 52. Rh6 Ra1+
53. Kf2 Ra2+ 54. Ke3 Rh2 55. Rxa6 Rh3+ 56. Kd2 Rh2+ 57. Ke1 Nc3 58. Rb7+ Kf8
59. Ra8+ Kg7 60. Raa7 Kg6 61. Rxf7 Nd5 62. Rg7+ Kf5 63. Raf7+ Ke6 64. d4 Nc3
65. f5+ Kd5 66. e6 Kxd4 67. e7 Re2+ 68. Kf1 Re4 69. Rg8 1-0

[Event "24th 4NCL Congress"]
[Site "Harrogate"]
[Date "2020.01.18"]
[Round "3.15"]
[White "Ross, Stuart"]
[Black "Kilshaw, Joe"]
[Result "1/2-1/2"]
[WhiteElo "1643"]
[BlackElo "2017"]
[PlyCount "85"]
[EventDate "2020.01.17"]

1. e4 d5 2. exd5 Qxd5 3. Nc3 Qd6 4. d4 Nf6 5. Nf3 c6 6. Ne5 Nbd7 7. Nc4 Qc7 8.
Qf3 Nb6 9. Bf4 Qd7 10. Nxb6 axb6 11. Be5 Qf5 12. Qxf5 Bxf5 13. O-O-O Nd7 14.
Bd3 Bxd3 15. Rxd3 Nxe5 16. dxe5 Rd8 17. Rhd1 Rxd3 18. Rxd3 e6 19. Ne4 Be7 20.
Nd6+ Bxd6 21. Rxd6 Ke7 22. Rd3 Ra8 23. Rb3 b5 24. a3 Ra4 25. Kd2 h5 26. Ke3 Rc4
27. Kd3 g5 28. Rb4 Rc5 29. Re4 Rd5+ 30. Ke2 f5 31. exf6+ Kxf6 32. h3 Kf5 33.
Rb4 g4 34. hxg4+ hxg4 35. f3 gxf3+ 36. gxf3 Rd7 37. a4 bxa4 38. Rxa4 Rh7 39.
Rc4 Ke5 40. Ke3 Rh3 41. Re4+ Kd5 42. Rd4+ Ke5 43. Re4+ 1/2-1/2

[Event "24th 4NCL Congress"]
[Site "Harrogate"]
[Date "2020.01.19"]
[Round "4.1"]
[White "Wells, Peter K"]
[Black "Gormally, Daniel W"]
[Result "1/2-1/2"]
[WhiteElo "2390"]
[BlackElo "2508"]
[PlyCount "59"]
[EventDate "2020.01.17"]

1. d4 Nf6 2. c4 e6 3. Nc3 Bb4 4. e3 O-O 5. Bd3 d5 6. Nf3 c5 7. O-O dxc4 8. Bxc4
Nbd7 9. a3 Ba5 10. Be2 cxd4 11. Qxd4 Bxc3 12. Qxc3 b6 13. b4 Bb7 14. Bb2 Rc8
15. Qd4 Qe7 16. Rac1 h6 17. h3 Rfd8 18. Rxc8 Rxc8 19. Rd1 Qf8 20. Ne5 Nxe5 21.
Qxe5 Rd8 22. Qc7 Rxd1+ 23. Bxd1 Qc8 24. Qxc8+ Bxc8 25. f3 Nd5 26. Kf2 f6 27.
Bb3 Kf8 28. h4 Nc7 29. e4 e5 30. Ke3 1/2-1/2

[Event "24th 4NCL Congress"]
[Site "Harrogate"]
[Date "2020.01.19"]
[Round "4.3"]
[White "Surtees, Mike J"]
[Black "Turner, Max N"]
[Result "0-1"]
[WhiteElo "2098"]
[BlackElo "2214"]
[PlyCount "44"]
[EventDate "2020.01.17"]

1. e4 c5 2. Nh3 e6 3. d3 Nc6 4. g3 d5 5. Nd2 Nf6 6. Bg2 Be7 7. O-O O-O 8. f4 b5
9. g4 dxe4 10. dxe4 Bb7 11. g5 Nd7 12. c4 bxc4 13. a4 Nd4 14. Ra3 Ba6 15. Rf2
Nb3 16. Nxb3 cxb3 17. Rd2 c4 18. Nf2 Bxa3 19. bxa3 c3 20. Rxd7 Qxd7 21. Qxd7 b2
22. Nd3 b1=Q 0-1

[Event "24th 4NCL Congress"]
[Site "Harrogate"]
[Date "2020.01.19"]
[Round "4.4"]
[White "Stokes, Mike R"]
[Black "Gardiner, Eric D"]
[Result "1-0"]
[WhiteElo "2088"]
[BlackElo "2006"]
[PlyCount "115"]
[EventDate "2020.01.17"]

1. e4 e6 2. d4 d5 3. exd5 exd5 4. Bd3 Nf6 5. Bf4 Be7 6. Nf3 Bg4 7. h3 Bh5 8.
Nbd2 Nbd7 9. c3 c6 10. Qc2 Bg6 11. O-O Bxd3 12. Qxd3 O-O 13. Rfe1 Re8 14. Ne5
Nxe5 15. Bxe5 Bd6 16. Re3 Bxe5 17. dxe5 Nd7 18. Rae1 Nc5 19. Qb1 Ne6 20. Nf3
Qb6 21. Nh4 d4 22. cxd4 Nxd4 23. Rg3 c5 24. Nf5 Nxf5 25. Qxf5 Qe6 26. Qxe6 Rxe6
27. Rd3 Kf8 28. f4 Ke8 29. Red1 Re7 30. Rd5 Rc7 31. f5 Ke7 32. g4 g6 33. f6+
Ke8 34. Kf2 Rac8 35. Ke3 c4 36. Rc1 a6 37. Kd4 b5 38. Kc3 Rc5 39. Rcd1 a5 40.
a3 Rxd5 41. Rxd5 Rb8 42. h4 h6 43. h5 g5 44. a4 bxa4 45. Rxa5 Rb3+ 46. Kxc4 Rg3
47. Ra8+ Kd7 48. Ra7+ Ke8 49. Re7+ Kf8 50. Ra7 Rxg4+ 51. Kd5 Kg8 52. Ra8+ Kh7
53. Rf8 Rb4 54. Rxf7+ Kg8 55. Ra7 Rxb2 56. Rxa4 Rb1 57. Ke6 Rb6+ 58. Kf5 1-0

[Event "24th 4NCL Congress"]
[Site "Harrogate"]
[Date "2020.01.19"]
[Round "4.5"]
[White "Dias, Savin"]
[Black "Shaw, Peter"]
[Result "0-1"]
[WhiteElo "1959"]
[BlackElo "2052"]
[PlyCount "82"]
[EventDate "2020.01.17"]

1. e4 d6 2. d4 Nf6 3. Nc3 c6 4. f4 Qa5 5. e5 Ne4 6. Bd2 Nxd2 7. Qxd2 Bf5 8. Bd3
Bxd3 9. Qxd3 e6 10. Nf3 Nd7 11. O-O Be7 12. Ne4 Qc7 13. c3 Rd8 14. Rad1 O-O 15.
Nfg5 h6 16. exd6 Bxd6 17. Nh3 c5 18. Nxd6 Qxd6 19. Qf3 Qb6 20. dxc5 Nxc5 21.
Qf2 Na4 22. Qxb6 axb6 23. Rd4 Rxd4 24. cxd4 Rd8 25. b3 Nc3 26. Rf2 Rxd4 27. Rc2
Nd5 28. g3 g6 29. Kf2 b5 30. Ng1 b4 31. Ne2 Rd1 32. h4 h5 33. Kf3 Kg7 34. Kf2
Kf6 35. Kf3 Kf5 36. Kf2 b6 37. Rc4 Rd2 38. Kf3 Rxa2 39. Nd4+ Kf6 40. g4 hxg4+
41. Kxg4 Ne3+ 0-1

[Event "24th 4NCL Congress"]
[Site "Harrogate"]
[Date "2020.01.19"]
[Round "4.6"]
[White "Hymer, Barry J"]
[Black "Arnott, Jonathan W"]
[Result "0-1"]
[WhiteElo "1874"]
[BlackElo "2127"]
[PlyCount "52"]
[EventDate "2020.01.17"]

1. e4 e6 2. d3 d5 3. Nd2 Nf6 4. g3 dxe4 5. dxe4 Bc5 6. Bg2 Nc6 7. Ngf3 b6 8.
O-O Ba6 9. c4 O-O 10. Qe2 Nb4 11. Ne1 e5 12. a3 Nc6 13. Nc2 Nd4 14. Nxd4 Bxd4
15. Nf3 c5 16. h3 Qd7 17. a4 Ne8 18. Rd1 Nd6 19. Nxd4 Bxc4 20. Qh5 exd4 21. e5
Rae8 22. exd6 Be2 23. Bf3 Bxd1 24. Bxd1 Re1+ 25. Kg2 Qxd6 26. Bc2 (26. Bf4 Qe7
27. Bc2 Qb7+) 26... Qe7 0-1

[Event "24th 4NCL Congress"]
[Site "Harrogate"]
[Date "2020.01.19"]
[Round "4.7"]
[White "Burnett, Jim"]
[Black "Roberts, Paul E"]
[Result "0-1"]
[WhiteElo "2030"]
[BlackElo "2119"]
[PlyCount "158"]
[EventDate "2020.01.17"]

1. d4 e6 2. Nf3 f5 3. g3 Nf6 4. Bg2 d5 5. O-O Bd6 6. c4 c6 7. Nc3 O-O 8. Qc2
Ne4 9. Rb1 a5 10. c5 Bc7 11. Bf4 Nd7 12. Bxc7 Qxc7 13. Na4 e5 14. dxe5 Nxe5 15.
Nxe5 Qxe5 16. Nb6 Rb8 17. Nxc8 Rbxc8 18. e3 Qe7 19. Rbc1 Rcd8 20. Rfd1 h5 21.
f3 Ng5 22. Qc3 Rde8 23. Re1 h4 24. Kf2 Qc7 25. gxh4 Ne6 26. f4 d4 27. exd4
Qxf4+ 28. Kg1 Nxd4 29. Kh1 Kh8 30. Rxe8 Rxe8 31. Re1 Rxe1+ 32. Qxe1 Kh7 33. Kg1
a4 34. h3 Nc2 35. Qe8 Qxh4 36. Qf7 Qe1+ 37. Kh2 Qe5+ 38. Kh1 Ne3 39. Qxb7 Nxg2
40. Kxg2 Qxc5 41. Kg3 Kh6 42. b4 Qe5+ 43. Kg2 Qd5+ 44. Kg3 Qe4 45. Qb6 g6 46.
Qb8 Qe3+ 47. Kg2 Qd2+ 48. Kg3 Qd3+ 49. Kg2 Kg5 50. Qf8 Qd2+ 51. Kf3 Qd3+ 52.
Kg2 Qc2+ 53. Kg3 Qc3+ 54. Kg2 Qb2+ 55. Kg3 Qa3+ 56. Kg2 Qxa2+ 57. Kg3 Qb3+ 58.
Kg2 Qd5+ 59. Kf2 Qd2+ 60. Kf3 Qd3+ 61. Kg2 Qe4+ 62. Kf2 Qd4+ 63. Kf3 Qc3+ 64.
Kg2 Kf4 65. Qd6+ Ke3 66. Qg3+ Kd2 67. Qxg6 Qc2 68. Kf3 Qe4+ 69. Kf2 a3 70. Qf7
Qd4+ 71. Kg3 Qd5 72. Qg7 Qb3+ 73. Kg2 a2 74. Qg5+ Qe3 75. Qd8+ Kc2 76. Qf6 Qd2+
77. Kg1 Qc1+ 78. Kf2 a1=Q 79. Qxf5+ Kb2 0-1

[Event "24th 4NCL Congress"]
[Site "Harrogate"]
[Date "2020.01.19"]
[Round "4.8"]
[White "Starley, Robert"]
[Black "Nicholson, Jim Wr"]
[Result "1-0"]
[WhiteElo "2072"]
[BlackElo "1979"]
[PlyCount "57"]
[EventDate "2020.01.17"]

1. e4 c6 2. c4 d5 3. cxd5 cxd5 4. exd5 Nf6 5. Nc3 Nxd5 6. Nf3 Nc6 7. d4 e6 8.
Bd3 Be7 9. O-O O-O 10. Be3 Ncb4 11. Bb1 Nf6 12. a3 Nbd5 13. Ne5 Bd7 14. Qd3 g6
15. Bh6 Re8 16. Qf3 Nxc3 17. bxc3 Bc6 18. Nxc6 bxc6 19. Qxc6 Rc8 20. Qf3 Qd5
21. Qd3 Qc4 22. Bd2 Bd6 23. Qxc4 Rxc4 24. Bd3 Ra4 25. Bb5 Rxa3 26. Bxe8 Nxe8
27. Rxa3 Bxa3 28. Ra1 Bd6 29. Rxa7 1-0

[Event "24th 4NCL Congress"]
[Site "Harrogate"]
[Date "2020.01.19"]
[Round "4.9"]
[White "Cohen, Gerald M"]
[Black "Jones, Steven A"]
[Result "0-1"]
[WhiteElo "1902"]
[BlackElo "2227"]
[PlyCount "144"]
[EventDate "2020.01.17"]

1. d4 d5 2. Bf4 Nf6 3. e3 c5 4. c3 Nc6 5. Nd2 Bf5 6. Ngf3 e6 7. Nh4 Be4 8. f3
Bg6 9. Qb3 Qd7 10. Nxg6 hxg6 11. Bb5 Bd6 12. Bxd6 Qxd6 13. g3 cxd4 14. cxd4 O-O
15. Rc1 Ne7 16. Bd3 Rab8 17. Kf2 e5 18. dxe5 Qxe5 19. Rhe1 Nc6 20. Qc3 Qe6 21.
Kg2 Rbc8 22. Nb3 Rfe8 23. Qd2 Ne5 24. Nd4 Qb6 25. Bb5 Nc4 26. Qf2 Rxe3 27. Rxe3
Nxe3+ 28. Qxe3 Rxc1 29. Qxc1 Qxd4 30. Be2 Qe5 31. Bd3 Kh7 32. Qc2 b6 33. Qe2
Qc7 34. Qc2 Qc5 35. a3 a5 36. Qf2 Kg8 37. Qe2 Kf8 38. Bb5 d4 39. a4 Qd6 40. Kf2
Nd7 41. Qe4 Kg8 42. Qe8+ Nf8 43. Qe4 Qb4 44. Qe2 g5 45. Qc2 Qc5 46. Bd3 Qxc2+
47. Bxc2 Nd7 48. Ke2 Nc5 49. Kd2 Kf8 50. Bd1 Ke7 51. b3 Kd6 52. Kc2 Nd7 53. Be2
Ne5 54. f4 gxf4 55. gxf4 Ng6 56. Bh5 Kc5 57. f5 Ne5 58. Be2 f6 59. h4 d3+ 60.
Bxd3 Nxd3 61. Kxd3 Kd5 62. h5 Ke5 63. Kc4 Kxf5 64. Kb5 Ke5 65. Kxb6 f5 66. Kxa5
f4 67. Kb6 f3 68. a5 f2 69. a6 f1=Q 70. Kb7 Qb5+ 71. Ka7 Kd6 72. b4 Kc7 0-1

[Event "24th 4NCL Congress"]
[Site "Harrogate"]
[Date "2020.01.19"]
[Round "4.11"]
[White "Wynarczyk, Raymond"]
[Black "Ther, Mate"]
[Result "0-1"]
[WhiteElo "1809"]
[BlackElo "1983"]
[PlyCount "112"]
[EventDate "2020.01.17"]

1. e4 e5 2. Nf3 Nc6 3. c3 Nf6 4. d4 exd4 5. e5 Nd5 6. Qb3 Nb6 7. cxd4 d6 8. Bb5
Be6 9. Qc2 Bd5 10. Qe2 dxe5 11. Nxe5 Bb4+ 12. Nc3 O-O 13. Bxc6 bxc6 14. a3
Bxc3+ 15. bxc3 Re8 16. Be3 f6 17. Nf3 Qe7 18. Nd2 f5 19. c4 f4 20. cxd5 fxe3
21. fxe3 Qxe3 22. Qxe3 Rxe3+ 23. Kf2 Rd3 24. Nf3 cxd5 25. Ke2 Rb3 26. Rhb1 Rxb1
27. Rxb1 Re8+ 28. Kd3 Nc4 29. Rb7 Re3+ 30. Kc2 Rxa3 31. Ng5 g6 32. Rxc7 h6 33.
Ne6 Ra2+ 34. Kb3 Rxg2 35. Rg7+ Kh8 36. Rxa7 g5 37. Nc7 Ne3 38. Ne8 Rf2 39. Re7
Nf5 40. Rd7 Nxd4+ 41. Kc3 Ne2+ 42. Kd3 Nf4+ 43. Kd4 Rd2+ 44. Kc5 Rc2+ 45. Kb4
Rc6 46. Kb5 Re6 47. Ng7 Re5 48. Kc5 Kh7 49. h4 Kg6 50. hxg5 hxg5 51. Kd6 Re2
52. Kc7 g4 53. Kd8 g3 54. Ne8 Rxe8+ 55. Kxe8 g2 56. Kf8 Ne6+ 0-1

[Event "24th 4NCL Congress"]
[Site "Harrogate"]
[Date "2020.01.19"]
[Round "4.12"]
[White "Holliday, John K"]
[Black "Vickery, Jim E"]
[Result "1/2-1/2"]
[WhiteElo "1805"]
[BlackElo "1952"]
[PlyCount "44"]
[EventDate "2020.01.17"]

1. e4 Nf6 2. e5 Nd5 3. c4 Nb6 4. d4 d6 5. f4 dxe5 6. fxe5 Nc6 7. Nf3 Bg4 8. c5
Bxf3 9. gxf3 Nd5 10. Qb3 Qd7 11. Bb5 e6 12. Nc3 Be7 13. Ne4 Bh4+ 14. Ng3 Nde7
15. Be3 Qd5 16. O-O Qxb3 17. axb3 Bxg3 18. hxg3 a6 19. Bg5 O-O 20. Bxe7 Nxe7
21. Bd3 Rad8 22. Be4 c6 1/2-1/2

[Event "24th 4NCL Congress"]
[Site "Harrogate"]
[Date "2020.01.19"]
[Round "4.13"]
[White "Szasz, Anna K"]
[Black "Ross, Stuart"]
[Result "1/2-1/2"]
[WhiteElo "1763"]
[BlackElo "1643"]
[PlyCount "116"]
[EventDate "2020.01.17"]

1. e4 c5 2. Nf3 d6 3. d4 cxd4 4. Nxd4 Nf6 5. Nc3 a6 6. Be3 e5 7. Nb3 Be6 8. Qd2
Be7 9. Be2 O-O 10. O-O d5 11. exd5 Nxd5 12. Nxd5 Bxd5 13. Rfd1 Bc6 14. Qxd8
Rxd8 15. Na5 Nd7 16. Nxc6 bxc6 17. Rd3 e4 18. Rd4 Nf6 19. Rxd8+ Bxd8 20. Rd1
Be7 21. a3 a5 22. c3 Rb8 23. Rd2 Nd5 24. Bd4 Bg5 25. Rc2 e3 26. fxe3 Nxe3 27.
Bxe3 Bxe3+ 28. Kf1 Rd8 29. Ke1 g6 30. b4 axb4 31. cxb4 Ra8 32. Rc3 Bd4 33. Rb3
Re8 34. Kd2 Rd8 35. Kc2 Kf8 36. Rd3 Ke7 37. Kb3 Bg1 38. Rxd8 Kxd8 39. h3 Kc7
40. a4 c5 41. b5 Kb6 42. g4 h6 43. Kc4 g5 44. Kd5 Bd4 45. Ke4 f6 46. Kf5 Bc3
47. Kg6 Ka5 48. Bd1 Kb6 49. Kxh6 Ka5 50. Kg6 Bd4 51. Kf5 Kb6 52. Ke6 Be5 53.
Kd5 Bc3 54. Bc2 Bd4 55. Bb3 Bc3 56. Bc4 Ba5 57. Ke6 Bc3 58. Kd5 Ba5 1/2-1/2

[Event "24th 4NCL Congress"]
[Site "Harrogate"]
[Date "2020.01.19"]
[Round "4.14"]
[White "Quader, Z Zia Mohammed"]
[Black "Sheppard, Derek A"]
[Result "1/2-1/2"]
[WhiteElo "2145"]
[BlackElo "1689"]
[PlyCount "60"]
[EventDate "2020.01.17"]

1. e4 e6 2. d4 d5 3. Nc3 dxe4 4. Nxe4 Nf6 5. Nxf6+ gxf6 6. Nf3 Be7 7. Bh6 b6 8.
Qd2 Rg8 9. O-O-O c6 10. Kb1 Nd7 11. g3 Bb7 12. Be2 Qc7 13. Qe3 O-O-O 14. Bf4
Bd6 15. Bh6 Nf8 16. Rhe1 Ng6 17. Nd2 Be7 18. h4 c5 19. c3 Bd6 20. Nc4 Bf8 21.
h5 Ne7 22. Bf4 Qc6 23. dxc5 Nd5 24. Rxd5 Qxd5 25. cxb6 Bc5 26. Qc1 Qe4+ 27. Ka1
axb6 28. Be3 Bxe3 29. Nxe3 Qa4 30. Nc4 Qc6 1/2-1/2

[Event "24th 4NCL Congress"]
[Site "Harrogate"]
[Date "2020.01.19"]
[Round "5.1"]
[White "Turner, Max N"]
[Black "Wells, Peter K"]
[Result "1/2-1/2"]
[WhiteElo "2214"]
[BlackElo "2390"]
[PlyCount "165"]
[EventDate "2020.01.17"]

1. d4 Nf6 2. c4 e6 3. Nc3 Bb4 4. Qc2 O-O 5. a3 Bxc3+ 6. Qxc3 b6 7. Bg5 Bb7 8.
f3 h6 9. Bh4 d5 10. e3 Re8 11. cxd5 exd5 12. Bf2 c5 13. Bb5 cxd4 14. Qxd4 Bc6
15. Bd3 Nbd7 16. Ne2 Nc5 17. Bc2 Bb5 18. Nc3 Bc4 19. O-O-O Nb3+ 20. Bxb3 Bxb3
21. Rd2 Rc8 22. Qb4 Ba2 23. a4 Rc6 24. Qa3 Bc4 25. Rhd1 Qc7 26. h3 a6 27. Kb1
b5 28. axb5 axb5 29. Qb4 Ra8 30. Rd4 Rca6 31. Kc2 Be2 32. Re1 Ra4 33. Rxe2 Rxb4
34. Rxb4 d4 35. Rxd4 b4 36. Rxb4 Nd5 37. Rb3 Qc4 38. Rd2 Nb4+ 39. Rxb4 Qxb4 40.
Rd4 Qb6 41. e4 Ra1 42. Rd2 Qa6 43. Be3 Qf1 44. Nd1 Qc4+ 45. Nc3 Kh7 46. Bd4 Ra6
47. Be3 Rg6 48. Rf2 Rd6 49. Rd2 Rxd2+ 50. Bxd2 Qf1 51. b4 Qxg2 52. b5 Qxh3 53.
b6 Qd7 54. Nd5 h5 55. Bf4 h4 56. Kd3 Qc6 57. Ke3 h3 58. Bc7 g5 59. Kd4 f6 60.
Nb4 Qxb6+ 61. Bxb6 h2 62. Nd5 h1=Q 63. Nxf6+ Kg7 64. Nd5 Qxf3 65. Bc7 g4 66.
Ne3 Qf2 67. Kd3 Qf3 68. Kd4 Kf7 69. Nf5 Ke6 70. Bg3 Qe2 71. Ng7+ Kf6 72. Nf5
Qd2+ 73. Kc4 Kg5 74. Nh4 Kf6 75. Nf5 Qd1 76. Kc3 Qf3+ 77. Kd4 Qd1+ 78. Kc3 Kg5
79. Kc4 Qc2+ 80. Kd4 Qb2+ 81. Kd3 Qb5+ 82. Ke3 Qb3+ 83. Kd4 1/2-1/2

[Event "24th 4NCL Congress"]
[Site "Harrogate"]
[Date "2020.01.19"]
[Round "5.2"]
[White "Willow, Jonah B"]
[Black "Stokes, Mike R"]
[Result "1-0"]
[WhiteElo "2355"]
[BlackElo "2088"]
[PlyCount "81"]
[EventDate "2020.01.17"]

1. e4 e5 2. Nf3 Nc6 3. Nc3 Nf6 4. Bb5 Nd4 5. Bc4 Nxf3+ 6. gxf3 c6 7. d4 exd4 8.
Qxd4 d6 9. a4 Be6 10. Bg5 Bxc4 11. Qxc4 Be7 12. O-O-O Qa5 13. Rhg1 Kf8 14. Bxf6
gxf6 15. Ne2 Rc8 16. Kb1 b5 17. axb5 Qxb5 18. Qxb5 cxb5 19. Nd4 a6 20. Nf5 Rd8
21. Rd5 Rd7 22. f4 Rg8 23. Rxg8+ Kxg8 24. e5 fxe5 25. fxe5 Kf8 26. exd6 Bd8 27.
c3 f6 28. b3 Kf7 29. c4 bxc4 30. bxc4 Rb7+ 31. Kc2 a5 32. c5 Rb4 33. Rd4 Rb5
34. Rc4 a4 35. c6 a3 36. c7 a2 37. cxd8=Q a1=Q 38. Qe7+ Kg6 39. Qg7+ Kxf5 40.
Qg4+ Ke5 41. Qe4+ 1-0

[Event "24th 4NCL Congress"]
[Site "Harrogate"]
[Date "2020.01.19"]
[Round "5.3"]
[White "Gormally, Daniel W"]
[Black "Shaw, Peter"]
[Result "1-0"]
[WhiteElo "2508"]
[BlackElo "2052"]
[PlyCount "50"]
[EventDate "2020.01.17"]

1. e4 c5 2. Nf3 Nc6 3. c3 d5 4. exd5 Qxd5 5. d4 cxd4 6. cxd4 e6 7. Nc3 Qd8 8.
Bb5 Nf6 9. Ne5 Bd7 10. Qa4 Qc7 11. Bf4 Bd6 12. O-O O-O 13. Nxd7 Qxd7 14. Be5
Rfd8 15. Bxf6 gxf6 16. d5 exd5 17. Qh4 Qf5 18. Rad1 Qg5 19. Qh3 d4 20. Bxc6
dxc3 21. Be4 cxb2 22. Rd5 Qg7 23. Rh5 h6 24. Rh4 f5 25. Bxf5 Be5 1-0

[Event "24th 4NCL Congress"]
[Site "Harrogate"]
[Date "2020.01.19"]
[Round "5.4"]
[White "Arnott, Jonathan W"]
[Black "Cohen, Aron J"]
[Result "1/2-1/2"]
[WhiteElo "2127"]
[BlackElo "2255"]
[PlyCount "52"]
[EventDate "2020.01.17"]

1. e4 d6 2. d4 Nf6 3. Nc3 g6 4. Be3 c6 5. Nf3 b5 6. Bd3 Bg7 7. Qd2 Ng4 8. Bg5
h6 9. Bh4 g5 10. Bg3 Nf6 11. a4 b4 12. Ne2 a5 13. e5 Nh5 14. exd6 exd6 15. Qe3+
Kf8 16. O-O f5 17. Rae1 f4 18. Bxf4 gxf4 19. Nxf4 Nxf4 20. Qxf4+ Qf6 21. Qe4
Bd7 22. Nh4 d5 23. Ng6+ Kg8 24. Ne7+ Kf8 25. Ng6+ Kg8 26. Ne7+ Kf8 1/2-1/2

[Event "24th 4NCL Congress"]
[Site "Harrogate"]
[Date "2020.01.19"]
[Round "5.5"]
[White "Roberts, Paul E"]
[Black "Starley, Robert"]
[Result "1/2-1/2"]
[WhiteElo "2119"]
[BlackElo "2072"]
[PlyCount "39"]
[EventDate "2020.01.17"]

1. d4 Nf6 2. Nf3 d5 3. a3 Bf5 4. c4 e6 5. Qb3 b6 6. Bg5 Be7 7. e3 O-O 8. Nc3 c6
9. Be2 Nbd7 10. h3 h6 11. Bf4 Rc8 12. O-O dxc4 13. Bxc4 b5 14. Be2 a6 15. a4 b4
16. Na2 Qb6 17. Nd2 c5 18. Nc4 Qc6 19. Rac1 Be4 20. f3 1/2-1/2